Producción de cosechas

Saved in:
Bibliografiske detaljer
Main Authors: Wilson, Harol K (Author), Rocher, A. Chester (Author)
Format: Bog
Sprog:spansk
Udgivet: Ciudad de México Centro Regional de Ayuda Técnica 1965
Ciudad de México Agencia para el Desarrollo Internacional 1965
Fag:
Tags: Tilføj Tag
Ingen Tags, Vær først til at tagge denne postø!

MARC

LEADER 00000nam a2200000 a 4500
001 UCR6777
003 CL-VaPUC
008 980423e19650000mx |||||||||||||||||spa|d
082 0 4 |a 631.5  |b WIL  |2 21 
100 0 |a Wilson, Harol K  |e author  |9 407863 
700 0 |a Rocher, A. Chester  |e author  |9 407864 
245 1 0 |a Producción de cosechas 
300 |a 411 p 
942 |c BK 
945 |d 19980423 00:00:00  |a crobeson 
260 |a Ciudad de México  |b Centro Regional de Ayuda Técnica  |c 1965 
260 |a Ciudad de México  |b Agencia para el Desarrollo Internacional  |c 1965 
650 0 |a Cosecha  |9 259688 
650 0 |a Producción agrícola  |9 353481 
650 0 |a Cereales  |9 264300 
650 0 |a Maíz  |9 264672 
650 7 |a LEGUMINOSAS  |2 CL-VaPUC  |9 264301 
650 7 |a PLAGAS  |2 CL-VaPUC  |9 264624 
583 |a last modification  |c 20130816 05:05:58  |k Rodrigo Vera 
999 |c 268685  |d 268683 
952 |0 0  |1 0  |4 0  |6 631_500000000000000_WIL_1965_1965  |7 0  |8 A  |9 301926  |a BIBALI  |b BIBALI  |c GEN  |d 2019-11-20  |i 1988573  |o 631.5 WIL 1965 1965  |p 1988573  |r 2025-01-20  |w 2019-11-20  |y BK  |k ALI